000 00424nam a2200181Ia 4500
001 10303
005 20260306161822.0
008 260306t1948||||xx |||||||||||||| ||spa||
041 _aESP
082 _a918.5
_bH36
100 _aHeim, Arnold
_eAUT
245 0 _aWunderland Perú:
_bnaturerlebnisse
260 _c1948
300 _a301 páginas :
_c24 cm.
650 _aGEN
654 _aCHU
942 _cLIB
_dJUS
_fJUS
_2ddc
_n
999 _c10303
_d10303